[Event "22nd Oberwarter Open"]
[Site "Oberwart (Austria)"]
[Date "2000.07.15"]
[Round "8.4"]
[White "BALINOV, Ilia"]
[Black "KUMMER, Helmut"]
[Result "1/2-1/2"]
[WhiteElo "2453"]
[BlackElo "2390"]
[PlyCount "126"]
[EventDate "2000.07.15"]

1. d4 Nf6 2. c4 e6 3. Nc3 d5 4. Bg5 Nbd7 5. e3 c6 6. Qc2 Qa5 7. Bxf6 Nxf6 8.
Bd3 dxc4 9. Bxc4 Bb4 10. Nge2 e5 11. dxe5 Qxe5 12. Qb3 Bxc3+ 13. Qxc3 Qxc3+ 14.
Nxc3 Ke7 15. Ke2 Be6 16. Bxe6 Kxe6 17. Rhc1 Rhc8 18. Rc2 Nd5 19. Nxd5 Kxd5 20.
Rd1+ Ke6 21. Rcd2 Rc7 22. h4 c5 23. Rd6+ Ke7 24. h5 h6 25. e4 b6 26. f4 f6 27.
Kf3 Re8 28. Kg4 Kf7 29. Kf5 c4 30. e5 fxe5 31. fxe5 Rc5 32. Rd7+ Re7 33. R1d5
Rxd5 34. Rxd5 Rc7 35. a4 Ke7 36. Rd4 c3 37. bxc3 Rxc3 38. Rg4 Kf8 39. Ke6 Rc7
40. Kd6 Rc2 41. Ke6 Rc7 42. Rg6 Rb7 43. Rg3 Ke8 44. Kd6 Rd7+ 45. Kc6 Re7 46.
Kd6 Rd7+ 47. Kc6 Re7 48. Re3 Rd7 49. e6 Rd2 50. Rg3 Rc2+ 51. Kd6 Rd2+ 52. Ke5
Rc2 53. Kf5 Kf8 54. Rg4 Rd2 55. Ke5 Re2+ 56. Kd6 Rd2+ 57. Kc6 Re2 58. Kb7 Rxe6
59. Kxa7 g6 60. Rxg6 Re4 61. Kxb6 Rxa4 62. Rg3 Kf7 63. Rf3+ Ke6 {.} 1/2-1/2

[Event "22nd Oberwarter Open"]
[Site "Oberwart (Austria)"]
[Date "2000.07.15"]
[Round "8.5"]
[White "DOBROV, Vladimir"]
[Black "ALMASI, Istvan"]
[Result "1-0"]
[WhiteElo "2339"]
[BlackElo "2429"]
[PlyCount "57"]
[EventDate "2000.07.15"]

1. d4 d5 2. c4 c6 3. Nc3 Nf6 4. e3 e6 5. Nf3 Nbd7 6. Qc2 Bd6 7. g4 dxc4 8. Bxc4
e5 9. g5 Nh5 10. Bd2 Qe7 11. O-O-O g6 12. Ne4 Bc7 13. Bc3 O-O 14. Ng3 Ng7 15.
h4 exd4 16. h5 Nb6 17. Bxd4 Nxc4 18. Qxc4 Bxg3 19. hxg6 hxg6 20. fxg3 Nh5 21.
Rh4 Be6 22. Qc3 Bd5 23. e4 Bxa2 24. g4 c5 25. Bxc5 Qxc5 26. Qxc5 Rfc8 27. b4
Rxc5+ 28. bxc5 Ng3 29. Rd2 1-0

[Event "22nd Oberwarter Open"]
[Site "Oberwart (Austria)"]
[Date "2000.07.15"]
[Round "8.6"]
[White "EINGORN, Vereslav"]
[Black "MEDVEGY, Zoltan"]
[Result "1-0"]
[WhiteElo "2586"]
[BlackElo "2428"]
[PlyCount "143"]
[EventDate "2000.07.15"]

1. d4 Nf6 2. Nf3 e6 3. c4 b6 4. a3 Bb7 5. Nc3 d5 6. Qa4+ Qd7 7. Qc2 dxc4 8. e3
Be7 9. Bxc4 O-O 10. O-O c5 11. dxc5 bxc5 12. Bd2 Qc7 13. Bd3 Nbd7 14. Ne4 Bxe4
15. Bxe4 Nxe4 16. Qxe4 Bf6 17. Rab1 Rab8 18. b3 Qb7 19. Qc4 Qb5 20. Rfc1 Rb7
21. Qxb5 Rxb5 22. Bc3 Rfb8 23. Nd2 Bxc3 24. Rxc3 Kf8 25. Kf1 Ra5 26. Ra1 Ke7
27. Ke2 Ra6 28. f4 f6 29. g4 h5 30. gxh5 Rh8 31. Rg1 Kf7 32. Rd3 Nf8 33. Nc4
Rxh5 34. Rg2 Rd5 35. e4 Rxd3 36. Kxd3 Rc6 37. e5 Ng6 38. Ke4 Nh4 39. Rc2 Nf5
40. Na5 Nd4 41. Rc4 Rb6 42. Rxc5 Nxb3 43. Rc7+ Kg6 44. Nc4 Ra6 45. Ke3 Na5 46.
Nb2 Nc6 47. Nd3 Kf5 48. h4 Kg6 49. a4 Rb6 50. h5+ Kxh5 51. Rxg7 fxe5 52. fxe5
Kh6 53. Rf7 Kg5 54. Ke4 Nb4 55. Rg7+ Kh6 56. Rxa7 Nxd3 57. Kxd3 Rb4 58. a5 Kg5
59. Ra6 Kf5 60. Rb6 Ra4 61. Rb5 Ra1 62. Rc5 Rb1 63. Kc4 Ke4 64. a6 Ra1 65. Kb5
Kd4 66. Rc4+ Kxe5 67. Ra4 Rb1+ 68. Kc6 Rc1+ 69. Kd7 Rd1+ 70. Ke7 Rh1 71. Ra5+
Kd4 72. a7 1-0

[Event "22nd Oberwarter Open"]
[Site "Oberwart (Austria)"]
[Date "2000.07.15"]
[Round "8.7"]
[White "LERNER, Konstantin"]
[Black "GAGARIN, Vasilij"]
[Result "1/2-1/2"]
[WhiteElo "2583"]
[BlackElo "2395"]
[PlyCount "81"]
[EventDate "2000.07.15"]

1. d4 d5 2. c4 c6 3. Nf3 Nf6 4. Nc3 e6 5. Bg5 h6 6. Bxf6 Qxf6 7. g3 Nd7 8. Bg2
g6 9. O-O Bg7 10. cxd5 exd5 11. e4 dxe4 12. Nxe4 Qe7 13. Re1 O-O 14. Qb3 Qd8
15. Nd6 Nb6 16. Nxc8 Rxc8 17. Ne5 Kh7 18. Rad1 Rc7 19. h4 h5 20. Be4 Nd5 21.
Qd3 f5 22. Bg2 Re8 23. Qa3 a6 24. Qb3 Bf6 25. Rc1 Ree7 26. Rc5 Rcd7 27. Bxd5
Rxd5 28. Rxd5 Qxd5 29. Qxd5 cxd5 30. f4 Rc7 31. Re2 Kg7 32. Kf2 Bxe5 33. fxe5
Kf7 34. Ke3 Ke6 35. Rd2 Rc1 36. Rd3 Re1+ 37. Kd2 Re4 38. Kc3 b6 39. Rf3 Kd7 40.
Kd3 Kc6 41. Re3 {.} 1/2-1/2

[Event "22nd Oberwarter Open"]
[Site "Oberwart (Austria)"]
[Date "2000.07.15"]
[Round "8.8"]
[White "WITTMANN, Walter"]
[Black "LOGINOV, Valery"]
[Result "1/2-1/2"]
[WhiteElo "2380"]
[BlackElo "2514"]
[PlyCount "124"]
[EventDate "2000.07.15"]

1. e4 c5 2. Nf3 e6 3. d4 cxd4 4. Nxd4 Nc6 5. Nb5 d6 6. Bf4 e5 7. Be3 a6 8. N5c3
Nf6 9. Bg5 Be6 10. Nd2 Rc8 11. Bd3 Be7 12. Bxf6 Bxf6 13. O-O Ne7 14. Qe2 Qb6
15. Rab1 Qc6 16. Rfd1 O-O 17. a3 g6 18. Nf1 Bg7 19. Ne3 f5 20. Kh1 Kh8 21. f3
Bh6 22. Ncd5 Bxd5 23. Nxd5 Nxd5 24. exd5 Qa4 25. c4 Qb3 26. Rf1 Rfe8 27. Rfe1
Re7 28. g4 fxg4 29. fxg4 e4 30. Bxe4 Rce8 31. Qf2 Qxc4 32. Bg2 Rxe1+ 33. Rxe1
Rxe1+ 34. Qxe1 Qc1 35. Qxc1 Bxc1 36. a4 Bxb2 37. h4 Kg7 38. g5 Bd4 39. Kh2 h6
40. Kg3 hxg5 41. hxg5 Be3 42. Kg4 b5 43. axb5 a5 44. Be4 a4 45. Bb1 a3 46. Ba2
Kf7 47. Kf3 Bxg5 48. b6 Bd8 49. b7 Bc7 50. Kf4 Kf6 51. Kg4 Bb8 52. Kf4 Ba7 53.
Bb3 g5+ 54. Kg4 Kg6 55. Bc4 Bb8 56. Bb3 Kf6 57. Ba2 Ke5 58. Kxg5 Kd4 59. Kf6
Kc5 60. Kf5 Kb6 61. Ke4 Kxb7 62. Kd4 Ba7+ {.} 1/2-1/2

[Event "22nd Oberwarter Open"]
[Site "Oberwart (Austria)"]
[Date "2000.07.15"]
[Round "8.9"]
[White "DANNER, Georg"]
[Black "WEGERER, Fred"]
[Result "1-0"]
[WhiteElo "2437"]
[BlackElo "2175"]
[Annotator "FRITZ 6"]
[PlyCount "123"]
[EventDate "2000.07.15"]

1. d4 Nf6 2. Nf3 e6 3. e3 b6 4. Bd3 Bb7 5. O-O c5 6. c4 Be7 7. Nc3 O-O 8. d5
exd5 9. cxd5 d6 10. e4 Nbd7 11. h3 a6 12. a4 Ne8 13. Bf4 Bf6 14. Re1 Be5 15.
Be3 Bc8 16. Be2 Bf6 17. Qc2 Kh8 18. Rad1 Rb8 19. b3 Qe7 20. Bf1 Rg8 21. Bf4 Ne5
22. Nh2 g5 23. Bc1 g4 24. hxg4 Nxg4 25. Nf3 Be5 26. Rd3 Nef6 27. Nd1 Nh5 28.
Nxe5 Nxe5 29. f4 Nxd3 30. Qxd3 Rg3 31. Qd2 Qh4 32. e5 Bf5 33. e6 f6 34. e7 Re8
35. Qf2 Qg4 36. Be2 Rxg2+ 37. Qxg2 Qh4 38. Nf2 Rxe7 39. Bd2 Rg7 (39... Nxf4 40.
Bxf4 Qxf4 $18) 40. Bg4 Rxg4 41. Nxg4 Qxg4 42. Qxg4 Bxg4 43. Kf2 Kg7 44. Re7+
Kg6 45. Rb7 b5 46. Rb6 Bd1 47. Rxa6 Bxb3 48. a5 Bxd5 49. Rxd6 Bh1 50. a6 Kf5
51. a7 b4 52. Ra6 Ba8 53. Ra5 Ke4 54. Rxc5 Kd3 55. Bxb4 Nxf4 56. Rc8 Bb7 57.
a8=Q Bxa8 58. Rxa8 Ke4 59. Bc3 Nd5 60. Ra4+ Kf5 61. Bd2 h5 62. Kf3 1-0

[Event "22nd Oberwarter Open"]
[Site "Oberwart (Austria)"]
[Date "2000.07.15"]
[Round "8.10"]
[White "BURMAKIN, Vladimir"]
[Black "ZSINKA, Laszlo"]
[Result "1-0"]
[WhiteElo "2538"]
[BlackElo "2342"]
[PlyCount "115"]
[EventDate "2000.07.15"]

1. Nf3 Nf6 2. g3 g6 3. Bg2 Bg7 4. O-O O-O 5. c4 d6 6. d4 Nc6 7. d5 Na5 8. Nfd2
c5 9. a3 b6 10. b4 Nb7 11. Bb2 Bd7 12. Nf3 Qc8 13. Qb3 Bh3 14. Nbd2 Qg4 15.
Rfe1 Bxg2 16. Kxg2 Nh5 17. Bxg7 Kxg7 18. Qd3 Kg8 19. Qe3 Rae8 20. h3 Qd7 21. g4
Ng7 22. Ne4 f6 23. Qf4 Nd8 24. Nc3 f5 25. Rad1 fxg4 26. Qxg4 Qxg4+ 27. hxg4 Rf4
28. Kg3 Rxc4 29. Nb5 h5 30. e4 hxg4 31. Nd2 Rc2 32. bxc5 Rxc5 33. Nxa7 Nh5+ 34.
Kxg4 Rf8 35. f3 Rf4+ 36. Kh3 Rc2 37. Rg1 Kh7 38. Nb5 Rf6 39. Nd4 Rc3 40. Kg2 e5
41. dxe6 Nxe6 42. Nb1 Nhf4+ 43. Kg3 Nh5+ 44. Kf2 Rc8 45. Nxe6 Rxe6 46. Rc1 Rf8
47. Rc7+ Kh6 48. Nd2 Ra8 49. Nc4 Nf4 50. Rh1+ Nh5 51. Rd7 Kg5 52. Rg1+ Kf6 53.
Nxd6 g5 54. Rf7+ Kg6 55. Rf5 Rxd6 56. Rgxg5+ Kh7 57. Rxh5+ Rh6 58. Rxh6+ 1-0

[Event "22nd Oberwarter Open"]
[Site "Oberwart (Austria)"]
[Date "2000.07.15"]
[Round "8.11"]
[White "DVOIRYS, Semen"]
[Black "HANEL, Reinhard"]
[Result "1-0"]
[WhiteElo "2562"]
[BlackElo "2340"]
[PlyCount "95"]
[EventDate "2000.07.15"]

1. e4 c5 2. Nf3 Nc6 3. d4 cxd4 4. Nxd4 Nf6 5. Nc3 e5 6. Ndb5 d6 7. Bg5 a6 8.
Na3 b5 9. Bxf6 gxf6 10. Nd5 f5 11. Bd3 Be6 12. O-O Bg7 13. Re1 O-O 14. c4 bxc4
15. Bxc4 fxe4 16. Rxe4 Bf5 17. Re1 Nd4 18. Qh5 Bg6 19. Qh3 Kh8 20. Rac1 Ra7 21.
Bf1 Qa5 22. Ne3 f5 23. Nac4 Qd8 24. Nd5 Bf7 25. Ncb6 Be6 26. Rc4 Bxd5 27. Nxd5
Qa5 28. Nc3 d5 29. Ra4 Qb6 30. Nxd5 Qxb2 31. Qd3 Qb7 32. Ra5 e4 33. Qc4 Nc6 34.
Rc5 Ne5 35. Qc2 Qf7 36. Nf4 Qe7 37. Re3 Bh6 38. Nd5 Qg7 39. Rg3 Ng6 40. Nc7 Qe7
41. Rc6 e3 42. Ne6 exf2+ 43. Qxf2 Rf6 44. Rc8+ Nf8 45. Nxf8 Bxf8 46. Bc4 h6 47.
Rg8+ Kh7 48. Rgxf8 1-0

[Event "22nd Oberwarter Open"]
[Site "Oberwart (Austria)"]
[Date "2000.07.15"]
[Round "8.12"]
[White "OKHOTNYK, Vladimir"]
[Black "SINGER, Richard"]
[Result "1-0"]
[WhiteElo "2510"]
[BlackElo "2337"]
[PlyCount "33"]
[EventDate "2000.07.15"]

1. d4 Nf6 2. Nf3 e6 3. c4 b6 4. g3 Ba6 5. Qc2 Bb7 6. Bg2 c5 7. dxc5 bxc5 8. O-O
Be7 9. Bg5 O-O 10. Bxf6 Bxf6 11. Ng5 Bxg5 12. Bxb7 Nc6 13. Bxa8 Qxa8 14. Nc3
Nd4 15. Qd3 Rb8 16. b3 f5 17. Rad1 1-0

[Event "22nd Oberwarter Open"]
[Site "Oberwart (Austria)"]
[Date "2000.07.15"]
[Round "8.13"]
[White "WUKITS, Rene"]
[Black "KUPREICHIK, Viktor"]
[Result "1/2-1/2"]
[WhiteElo "2347"]
[BlackElo "2472"]
[PlyCount "106"]
[EventDate "2000.07.15"]

1. d4 Nf6 2. c4 e6 3. Nc3 Bb4 4. e3 O-O 5. Bd3 c5 6. Nf3 d5 7. O-O Nc6 8. a3
Bxc3 9. bxc3 dxc4 10. Bxc4 Qc7 11. Bd3 e5 12. Qc2 Re8 13. Nxe5 Nxe5 14. dxe5
Qxe5 15. f3 Bd7 16. a4 Rac8 17. Re1 c4 18. Bf1 Re6 19. e4 Ra6 20. Be3 Qa5 21.
Qd2 Bxa4 22. e5 Qxe5 23. Bxa7 Qd5 24. Qxd5 Nxd5 25. Bxc4 Rxc4 26. Rxa4 Rc8 27.
Rxa6 bxa6 28. c4 Nb4 29. c5 a5 30. Bb6 Nc6 31. Ra1 Ra8 32. Ra4 f5 33. Kf2 Kf7
34. Ke3 Ke6 35. Kd3 Kd5 36. Kc3 Re8 37. Kd2 g5 38. h4 h6 39. hxg5 hxg5 40. Ra1
f4 41. Bxa5 Nd4 42. Re1 Ra8 43. Bc3 Ra2+ 44. Kd3 Ra3 45. Ra1 Rb3 46. Ra4 Nb5
47. Rc4 Rb1 48. Rb4 Rd1+ 49. Kc2 Nxc3 50. Kxc3 Kxc5 51. Ra4 Rd5 52. Ra5+ Kd6
53. Rxd5+ Kxd5 {.} 1/2-1/2

[Event "22nd Oberwarter Open"]
[Site "Oberwart (Austria)"]
[Date "2000.07.15"]
[Round "8.14"]
[White "ROGULJ, Branko"]
[Black "NEULINGER, Manfred"]
[Result "1/2-1/2"]
[WhiteElo "2460"]
[BlackElo "2286"]
[PlyCount "126"]
[EventDate "2000.07.15"]

{.} 1. e4 c6 2. d4 d5 3. exd5 cxd5 4. c4 Nf6 5. Nc3 Nc6 6. Bg5 Qa5 7. Bxf6 exf6
8. cxd5 Bb4 9. Qd2 Bxc3 10. bxc3 Qxd5 11. Nf3 O-O 12. Be2 Na5 13. O-O Bd7 14.
Rab1 Rac8 15. Rfc1 Nc4 16. Qf4 b5 17. Bd3 Nd6 18. Nd2 Bf5 19. Bxf5 Nxf5 20. Ne4
Rfd8 21. Qg4 Kh8 22. Nc5 Nd6 23. a3 g6 24. Re1 Re8 25. Qd7 a6 26. h3 Red8 27.
Qe7 Qf5 28. g4 Qf4 29. Qe3 Qxe3 30. Rxe3 Rc7 31. Rbe1 Ra8 32. Re7 Raa7 33. Rxc7
Rxc7 34. Ra1 Nb7 35. Nxb7 Rxb7 36. a4 Rc7 37. axb5 axb5 38. Ra3 Rd7 39. Rb3 Rd5
40. Kg2 f5 41. g5 Kg7 42. h4 f6 43. f4 fxg5 44. fxg5 h6 45. Kf3 hxg5 46. hxg5
Kf7 47. Ke3 Ke6 48. Ra3 Rd6 49. Kd3 Rd5 50. Ra6+ Rd6 51. Ra5 Rb6 52. Ra7 Kd6
53. Rf7 Kd5 54. Rg7 Re6 55. Rc7 Rb6 56. Rc5+ Kd6 57. Re5 Rb8 58. Ke3 Rc8 59.
Rxb5 Rxc3+ 60. Kf4 Rc4 61. Rb6+ Rc6 62. Rb5 Rc4 63. Ke3 Rc3+ {.} 1/2-1/2

[Event "22nd Oberwarter Open"]
[Site "Oberwart (Austria)"]
[Date "2000.07.15"]
[Round "8.15"]
[White "BRANDNER, Stefan"]
[Black "KOVACEVIC, Blazimir"]
[Result "0-1"]
[WhiteElo "2344"]
[BlackElo "2438"]
[PlyCount "44"]
[EventDate "2000.07.15"]

1. d4 d5 2. Nc3 e6 3. Nf3 Nf6 4. Bg5 Bb4 5. e3 c5 6. Bb5+ Bd7 7. O-O Bxc3 8.
Bxd7+ Nbxd7 9. bxc3 Qa5 10. Rb1 b6 11. dxc5 Qxc5 12. Rb4 Ne4 13. Qd3 O-O 14.
Rxe4 dxe4 15. Qxe4 Qxc3 16. Be7 Nf6 17. Qh4 Rfe8 18. Bd6 Qxc2 19. Be5 Qf5 20.
h3 Nd7 21. e4 Qg6 22. Rd1 Nc5 0-1

[Event "22nd Oberwarter Open"]
[Site "Oberwart (Austria)"]
[Date "2000.07.15"]
[Round "8.16"]
[White "VUKOVIC, Ivo"]
[Black "RIAZANTSEV, Alexander"]
[Result "1/2-1/2"]
[WhiteElo "2272"]
[BlackElo "2418"]
[PlyCount "80"]
[EventDate "2000.07.15"]

1. d4 d5 2. Nf3 Nf6 3. Bg5 c6 4. c3 Bf5 5. Nbd2 Nbd7 6. e3 h6 7. Bf4 e6 8. h3
Be7 9. Be2 O-O 10. a4 c5 11. O-O Qb6 12. Qb3 Rfc8 13. Rfc1 Ne4 14. Qxb6 axb6
15. Nxe4 Bxe4 16. Nd2 Bg6 17. Bb5 Nb8 18. Re1 Nc6 19. dxc5 bxc5 20. e4 Bf6 21.
Rad1 Na5 22. exd5 exd5 23. Nf3 Be4 24. Ne5 Bxe5 25. Bxe5 Nc6 26. Bd6 b6 27. f3
Bc2 28. Rxd5 Bxa4 29. Bxa4 Rxa4 30. Bg3 Ra7 31. Rd6 Rb7 32. Re2 Na5 33. Bf2 Ra8
34. b4 cxb4 35. cxb4 Nc4 36. Rc6 b5 37. Kh2 Ra3 38. Rc8+ Kh7 39. h4 Kg6 40.
Rc6+ f6 {.} 1/2-1/2

[Event "22nd Oberwarter Open"]
[Site "Oberwart (Austria)"]
[Date "2000.07.15"]
[Round "8.17"]
[White "WALLNER, Joachim"]
[Black "WEINZETTL, Ernst"]
[Result "1-0"]
[WhiteElo "2272"]
[BlackElo "2409"]
[PlyCount "77"]
[EventDate "2000.07.15"]

1. e4 e6 2. d4 d5 3. Nd2 c5 4. Ngf3 Nf6 5. exd5 Qxd5 6. Bc4 Qc6 7. O-O Nbd7 8.
a4 a6 9. Qe2 b6 10. Ne5 Nxe5 11. dxe5 Bb7 12. f4 Nd5 13. Bd3 Be7 14. c4 Nb4 15.
Be4 Qc7 16. Ra3 O-O-O 17. a5 bxa5 18. Bxb7+ Qxb7 19. Nb3 Rd3 20. Nxa5 Qd7 21.
Be3 Qc7 22. Nb3 Qc6 23. Na5 Qc7 24. Rxd3 Nxd3 25. Qxd3 Qxa5 26. Qe4 Kc7 27. f5
Rf8 28. f6 gxf6 29. exf6 Bd6 30. Qxh7 Kc6 31. Qe4+ Kc7 32. b4 Qa3 33. b5 axb5
34. cxb5 Qa8 35. Qc2 Rh8 36. Bxc5 Bxh2+ 37. Kf2 Qd5 38. Bd6+ Kxd6 39. Rd1 1-0

[Event "22nd Oberwarter Open"]
[Site "Oberwart (Austria)"]
[Date "2000.07.15"]
[Round "8.18"]
[White "LENDWAI, Reinhard"]
[Black "SULYOK, Michael"]
[Result "1-0"]
[WhiteElo "2361"]
[BlackElo "2272"]
[PlyCount "83"]
[EventDate "2000.07.15"]

1. e4 g6 2. d4 Bg7 3. c3 b6 4. Nf3 Bb7 5. Bd3 d6 6. Qe2 Nd7 7. Bg5 c5 8. d5
Ngf6 9. O-O O-O 10. c4 e5 11. dxe6 fxe6 12. Nc3 e5 13. Bc2 Nb8 14. Ba4 Nc6 15.
Bxc6 Bxc6 16. Rad1 Qc7 17. Rd3 Ne8 18. Rfd1 a6 19. Nd5 Bxd5 20. Rxd5 Rb8 21.
Nd2 Bf6 22. Bh6 Rf7 23. Nf1 Be7 24. R5d3 b5 25. Ne3 Qc6 26. Nd5 Bf8 27. Bc1 Nf6
28. Rf3 Nxd5 29. Rxf7 Kxf7 30. Rxd5 bxc4 31. Qxc4 Rb4 32. Qe2 Qb5 33. Qf3+ Kg7
34. Bh6+ Kxh6 35. Qxf8+ Kh5 36. Qxd6 Rxe4 37. Rxe5+ Rxe5 38. Qxe5+ Kh6 39. h4
Qc4 40. Qe3+ Kg7 41. Qc3+ Qxc3 42. bxc3 1-0

[Event "22nd Oberwarter Open"]
[Site "Oberwart (Austria)"]
[Date "2000.07.15"]
[Round "8.19"]
[White "KOVACS, Gabor"]
[Black "HANSEN, Kay"]
[Result "1-0"]
[WhiteElo "2348"]
[BlackElo "2227"]
[PlyCount "73"]
[EventDate "2000.07.15"]

1. d4 d5 2. Nf3 c6 3. Bf4 Bf5 4. e3 Nf6 5. Be2 h6 6. h3 e6 7. Nbd2 Be7 8. O-O
O-O 9. c4 Nbd7 10. Qa4 Nb6 11. Qb3 dxc4 12. Nxc4 Nxc4 13. Bxc4 Qb6 14. Rac1 Be4
15. Ne5 Bd5 16. Qc2 Rfd8 17. a3 a5 18. Bd3 Rac8 19. e4 Bb3 20. Qc3 a4 21. Be3
Qc7 22. f4 Ra8 23. Qe1 Qa5 24. Qf2 Rac8 25. Rc3 Nd7 26. Qg3 Bf8 27. Ng4 Kh8 28.
f5 exf5 29. Rxf5 Qc7 30. e5 g6 31. Nxh6 Nxe5 32. Rxe5 Bd6 33. Qh4 Bxe5 34.
Nxf7+ Kg7 35. Nxe5 Rh8 36. Qg5 Bf7 37. Nxg6 1-0

[Event "22nd Oberwarter Open"]
[Site "Oberwart (Austria)"]
[Date "2000.07.15"]
[Round "8.20"]
[White "CSONKA, Attila"]
[Black "RIEKE, Theo"]
[Result "1-0"]
[WhiteElo "2310"]
[BlackElo "2220"]
[PlyCount "85"]
[EventDate "2000.07.15"]

1. e4 g6 2. d4 Bg7 3. Nc3 d6 4. Be3 Nf6 5. f3 c6 6. Qd2 b5 7. a3 a6 8. O-O-O
Bb7 9. Nge2 Nbd7 10. g4 Nb6 11. g5 Nfd7 12. Ng3 Qc7 13. h4 O-O-O 14. h5 e5 15.
d5 cxd5 16. Nxd5 Nxd5 17. exd5 Nb6 18. Bxb6 Qxb6 19. Ne4 Kb8 20. Kb1 Bc8 21.
Qb4 gxh5 22. Rxh5 h6 23. c4 Bf5 24. gxh6 Bg6 25. Rh1 Rxh6 26. Rxh6 Bxh6 27.
cxb5 a5 28. Qa4 f5 29. Nc3 Be3 30. Qb3 Bf2 31. Ka2 e4 32. fxe4 fxe4 33. Be2 Rh8
34. Qc2 Qe3 35. Qa4 Qb6 36. Nxe4 Rh4 37. Bd3 Bxe4 38. Bxe4 Qe3 39. Qxa5 Qxe4
40. Qd8+ Kb7 41. Qd7+ Kb6 42. Qxd6+ Kb7 43. Rc1 {.} 1-0

[Event "22nd Oberwarter Open"]
[Site "Oberwart (Austria)"]
[Date "2000.07.15"]
[Round "8.21"]
[White "ZUSER, Franz"]
[Black "SZIEBERT, Adam"]
[Result "0-1"]
[WhiteElo "2167"]
[BlackElo "2421"]
[PlyCount "116"]
[EventDate "2000.07.15"]

1. e4 c5 2. Nc3 Nc6 3. g3 g6 4. Bg2 Bg7 5. d3 e6 6. f4 Nge7 7. Nf3 O-O 8. O-O
Rb8 9. Be3 Nd4 10. Qd2 d6 11. Rae1 b5 12. Nd1 Bb7 13. Nh4 f5 14. c3 Ndc6 15. e5
Nd5 16. Bf2 Re8 17. Ne3 dxe5 18. Nxd5 exd5 19. fxe5 d4 20. cxd4 Nxd4 21. Bxb7
Rxb7 22. Be3 Rxe5 23. Bg5 Qd5 24. Rxe5 Bxe5 25. Qg2 Rd7 26. Re1 Ne6 27. Bh6
Bd4+ 28. Kf1 Kf7 29. Qxd5 Rxd5 30. Bc1 g5 31. Nf3 Bf6 32. Rd1 c4 33. Ke2 g4 34.
Ne1 Bg5 35. Bxg5 Nxg5 36. Rc1 Nf3 37. Nxf3 gxf3+ 38. Kxf3 Rxd3+ 39. Kf4 Rd2 40.
b3 Rxa2 41. bxc4 Ra4 42. Rd1 Rxc4+ 43. Kxf5 Rc5+ 44. Ke4 Rc7 45. Rd6 b4 46. Rd5
Rb7 47. Kd3 b3 48. Rf5+ Ke6 49. Rf1 b2 50. Rb1 a5 51. Kc2 Kf5 52. Rf1+ Kg5 53.
Kb1 a4 54. h4+ Kg6 55. Rf3 h5 56. Rc3 Rb5 57. Rc4 a3 58. Ra4 Rb3 0-1

[Event "22nd Oberwarter Open"]
[Site "Oberwart (Austria)"]
[Date "2000.07.15"]
[Round "8.23"]
[White "WERNDL, Erich"]
[Black "LAKOS, Nikoletta"]
[Result "1/2-1/2"]
[WhiteElo "2165"]
[BlackElo "2327"]
[PlyCount "63"]
[EventDate "2000.07.15"]

1. e4 d5 2. Nc3 dxe4 3. Nxe4 Bf5 4. Ng3 Bg6 5. Nf3 Nd7 6. h4 h6 7. d4 e6 8. h5
Bh7 9. Bd3 Bxd3 10. Qxd3 Ngf6 11. Bd2 c5 12. O-O-O Qc7 13. dxc5 Bxc5 14. Be3
O-O-O 15. Bxc5 Nxc5 16. Qc4 Nce4 17. Qxc7+ Kxc7 18. Nxe4 Nxe4 19. Rd4 Rxd4 20.
Nxd4 Rd8 21. Ne2 Nxf2 22. Rf1 Ng4 23. Rxf7+ Rd7 24. Rf4 Ne3 25. Nc3 Nxg2 26.
Re4 Rf7 27. Rxe6 Nf4 28. Nb5+ Kd7 29. Re5 a6 30. Nd4 Kd6 31. Rf5 Rxf5 32. Nxf5+
{.} 1/2-1/2

[Event "22nd Oberwarter Open"]
[Site "Oberwart (Austria)"]
[Date "2000.07.15"]
[Round "8.24"]
[White "WOHLFAHRT, Herbert"]
[Black "ZSIFKOVITS, Robert"]
[Result "1/2-1/2"]
[WhiteElo "2284"]
[BlackElo "2132"]
[PlyCount "125"]
[EventDate "2000.07.15"]

1. d4 Nf6 2. Nf3 g6 3. c4 Bg7 4. g3 c6 5. Bg2 d5 6. cxd5 cxd5 7. Nc3 O-O 8. O-O
Nc6 9. Ne5 e6 10. Nxc6 bxc6 11. b3 Nd7 12. Bb2 c5 13. Na4 cxd4 14. Bxd4 Ba6 15.
Bxg7 Kxg7 16. Qd2 Qf6 17. Rfc1 Rfc8 18. Bf1 Bb5 19. Nc3 Bc6 20. Bg2 h5 21. h4
Ne5 22. Qf4 Ng4 23. Qxf6+ Nxf6 24. e3 Rab8 25. Bf1 Bd7 26. Ba6 Rc6 27. Bd3 Rc7
28. Ne2 Rbc8 29. Kf1 Rxc1+ 30. Rxc1 Rxc1+ 31. Nxc1 Kf8 32. b4 Ke7 33. Ke2 Kd6
34. Nb3 Ng4 35. Nc5 Ne5 36. Ba6 Bc6 37. a3 Kc7 38. Kd2 Kb6 39. Be2 Bb5 40. f4
Nc6 41. Nd7+ Ka6 42. Nc5+ Kb6 43. Bf3 Ne7 44. g4 hxg4 45. Bxg4 Ng8 46. Kc3 Nh6
47. Bh3 Kc6 48. Kd4 Kd6 49. a4 Be2 50. e4 Bf3 51. a5 Ng8 52. b5 dxe4 53. Nxe4+
Bxe4 54. Kxe4 Ne7 55. b6 axb6 56. axb6 Kc6 57. Ke5 Kxb6 58. Bxe6 fxe6 59. Kxe6
Nf5 60. Kf6 Nxh4 61. Kg5 Ng2 62. f5 gxf5 63. Kxf5 {.} 1/2-1/2

[Event "22nd Oberwarter Open"]
[Site "Oberwart (Austria)"]
[Date "2000.07.15"]
[Round "8.25"]
[White "KARNER, Christoph"]
[Black "KREBS, Johann"]
[Result "1-0"]
[WhiteElo "2280"]
[BlackElo "2209"]
[PlyCount "119"]
[EventDate "2000.07.15"]

1. d4 Nf6 2. c4 g6 3. Nc3 Bg7 4. e4 d6 5. Nf3 O-O 6. Be2 e5 7. O-O Nc6 8. d5
Ne7 9. Ne1 Nd7 10. Be3 f5 11. f3 f4 12. Bf2 g5 13. Rc1 Ng6 14. c5 dxc5 15. b4
b6 16. Nd3 c4 17. Nb2 Rf6 18. Nxc4 Bf8 19. Qb3 Kh8 20. Rfd1 Bd6 21. Nxd6 cxd6
22. Nb5 Ndf8 23. Rd2 Ne7 24. Rdc2 Rg6 25. Rc7 a6 26. Na7 Nd7 27. Nxc8 Nxc8 28.
R7c3 Ne7 29. a4 a5 30. Bb5 axb4 31. Qxb4 Nc5 32. Rb1 Rg8 33. Ra3 Ng6 34. Be2
Rb8 35. Ra2 h5 36. h3 Qc7 37. Rab2 Qa7 38. a5 b5 39. Rc2 Rgc8 40. Rbc1 Rc7 41.
Kh1 Rbc8 42. Bxc5 Rxc5 43. Rxc5 dxc5 44. Qxb5 c4 45. Qb6 Qxb6 46. axb6 Rb8 47.
Rxc4 Rxb6 48. Rc6 Rb1+ 49. Kh2 Kg7 50. d6 Rb2 51. d7 Rd2 52. Rc7 Kf6 53. Rc6+
Kg7 54. Bb5 Nh4 55. Rc3 Kf6 56. Kg1 Ke7 57. Rc8 Rd1+ 58. Kh2 Rd2 59. Re8+ Kf7
60. d8=Q 1-0

[Event "22nd Oberwarter Open"]
[Site "Oberwart (Austria)"]
[Date "2000.07.15"]
[Round "8.26"]
[White "WALDMANN, Ivan"]
[Black "HUBER, Wolfgang"]
[Result "1/2-1/2"]
[WhiteElo "2278"]
[BlackElo "2109"]
[PlyCount "52"]
[EventDate "2000.07.15"]

1. e4 c6 2. d4 d5 3. Nc3 dxe4 4. Nxe4 Bf5 5. Ng3 Bg6 6. Nf3 Nd7 7. h4 h6 8. h5
Bh7 9. Bd3 Bxd3 10. Qxd3 e6 11. Bf4 Qa5+ 12. Bd2 Qc7 13. O-O-O O-O-O 14. Ne4
Ngf6 15. Nxf6 Nxf6 16. Qe2 Rd5 17. c4 Rxh5 18. Rxh5 Nxh5 19. Ne5 Nf6 20. Bf4
Rg8 21. Kb1 Bd6 22. c5 Bxe5 23. Bxe5 Qd8 24. Rd3 Qd5 25. Ra3 a6 26. f3 Rd8 {.}
1/2-1/2

[Event "22nd Oberwarter Open"]
[Site "Oberwart (Austria)"]
[Date "2000.07.15"]
[Round "8.27"]
[White "PIELER, Markus"]
[Black "LOEBLER, Heimo"]
[Result "1/2-1/2"]
[WhiteElo "2067"]
[BlackElo "2264"]
[PlyCount "31"]
[EventDate "2000.07.15"]

1. e4 c5 2. c3 d5 3. exd5 Qxd5 4. d4 Nc6 5. Nf3 Bg4 6. Be2 cxd4 7. cxd4 e6 8.
Nc3 Qd6 9. O-O Nf6 10. Be3 Be7 11. h3 Bh5 12. Qd2 Nd5 13. Rac1 Nxc3 14. bxc3
O-O 15. Bf4 Qd7 16. Ne5 {.} 1/2-1/2

[Event "22nd Oberwarter Open"]
[Site "Oberwart (Austria)"]
[Date "2000.07.15"]
[Round "8.28"]
[White "KLJAKO, Damir"]
[Black "ARWANITAKIS, Michael"]
[Result "0-1"]
[WhiteElo "2258"]
[BlackElo "2156"]
[PlyCount "62"]
[EventDate "2000.07.15"]

1. d4 Nf6 2. Nf3 g6 3. c4 Bg7 4. Nc3 O-O 5. e4 d6 6. Be2 e5 7. d5 a5 8. O-O Na6
9. Bg5 h6 10. Bh4 Bd7 11. Nd2 h5 12. f4 Qe8 13. f5 Nh7 14. f6 Bh6 15. Bxh5 gxh5
16. Qxh5 Bxd2 17. Rf3 Kh8 18. Rd1 Rg8 19. h3 Bg5 20. Rdf1 Rg6 21. Bxg5 Rxg5 22.
Qh4 Qg8 23. g4 Bxg4 24. Rg3 Bh5 25. Rxg5 Qxg5+ 26. Qxg5 Nxg5 27. Rf5 Rg8 28.
Kf1 Kh7 29. h4 Bg4 30. Rxg5 Rxg5 31. hxg5 Kg6 0-1

[Event "22nd Oberwarter Open"]
[Site "Oberwart (Austria)"]
[Date "2000.07.15"]
[Round "8.29"]
[White "HASELHORST, Helmut"]
[Black "MAYR, Thomas"]
[Result "1/2-1/2"]
[WhiteElo "2191"]
[BlackElo "2059"]
[PlyCount "40"]
[EventDate "2000.07.15"]

1. d4 d5 2. Nf3 Nf6 3. c4 c6 4. Nc3 e6 5. e3 Nbd7 6. Bd3 dxc4 7. Bxc4 b5 8. Bd3
a6 9. e4 c5 10. d5 c4 11. dxe6 fxe6 12. Bc2 Qc7 13. O-O Bd6 14. Nd4 Nb6 15. f4
e5 16. Ncxb5 axb5 17. Nxb5 Qc5+ 18. Kh1 Bb8 19. Nc3 O-O 20. f5 Bb7 1/2-1/2